Cancer Ward (Record no. 643)

000 -LEADER
fixed length control field 00714nam a22002417a 4500
003 - CONTROL NUMBER IDENTIFIER
control field OSt
005 - DATE AND TIME OF LATEST TRANSACTION
control field 20210421062926.0
008 - FIXED-LENGTH DATA ELEMENTS--GENERAL INFORMATION
fixed length control field 201215s1974 ||||| |||| 00| 0 eng d
020 ## - INTERNATIONAL STANDARD BOOK NUMBER
International Standard Book Number 0374511993
040 ## - CATALOGING SOURCE
Original cataloging agency eng
Language of cataloging eng
Transcribing agency DLC
041 ## - LANGUAGE CODE
Language code of text/sound track or separate title eng
Language code of original rus
080 ## - UNIVERSAL DECIMAL CLASSIFICATION NUMBER
Universal Decimal Classification number 821.111
Item number S-70
100 ## - MAIN ENTRY--PERSONAL NAME
9 (RLIN) 501
Personal name Solzhenitsyn, Aleksandr
Relator term Author
245 ## - TITLE STATEMENT
Title Cancer Ward
Statement of responsibility, etc. / by: Farrar, Straus and Giroux
260 ## - PUBLICATION, DISTRIBUTION, ETC.
Place of publication, distribution, etc. New York
Name of publisher, distributor, etc. Farrar, Straus and Giroux
Date of publication, distribution, etc. 1974
300 ## - PHYSICAL DESCRIPTION
Extent 536 p.
365 ## - TRADE PRICE
Price amount 18 usd
650 #0 - SUBJECT ADDED ENTRY--TOPICAL TERM
9 (RLIN) 254
Topical term or geographic name entry element English literature
653 ## - INDEX TERM--UNCONTROLLED
Uncontrolled term ინგლისური ლიტერატურა
700 ## - ADDED ENTRY--PERSONAL NAME
9 (RLIN) 502
Personal name Bethell, Nicholas
Relator term Translator
700 ## - ADDED ENTRY--PERSONAL NAME
9 (RLIN) 503
Personal name Burg, David
Relator term Translator
942 ## - ADDED ENTRY ELEMENTS (KOHA)
Source of classification or shelving scheme
Koha item type Books
Holdings
Withdrawn status Lost status Source of classification or shelving scheme Damaged status Not for loan Permanent location Current location Date acquired Inventory number Total Checkouts Full call number Barcode Date last seen Price effective from Koha item type
          Ken Walker International University Ken Walker International University 12/15/2020 810   821.111 S-70 810 12/15/2020 12/15/2020 Books

Powered by Koha